000 00978nam a22003137a 4500
003 CHAP
005 20220329140911.0
008 971013s1994 r 00010 d
010 _a59505
011 _a60477
035 _a64639
040 _cCHAP
082 _a583.4703
_bS8
245 _aSuculents
_b: the illustrated dictionary
260 _aPortland, Oregon :
_bTimber,
_c1994
300 _a239 p.
_b: ilus.
590 _aBATCH-UPD
_b10
_c20130110
_lUCH01
_h0509
590 _aBATCH-UPD
_b10
_c20130410
_lUCH01
_h0147
590 _aBATCH-UPD
_b10
_c20130914
_lUCH01
_h0805
590 _aCONVERSION
_b10
_c20130109
_lUCH01
_h1332
650 1 4 _aCactáceas.
_916994
650 1 4 _aFlora desértica
_xDiccionarios.
_941328
650 1 4 _aSuculentas
_xDiccionarios.
_9110175
700 0 _aCostanzo, Mariangela.
_928502
700 0 _aSajeva, Maurizio.
_9101233
901 _aBK
942 _cLIBRO
949 _a583.4703 S8
_bBC
_cC
_d33724000939252
_eC
_gI.181166
_h90130
_i64639
_si
_t370.00
999 _c59505
_d59505